Footballers played with Cristiano Ronaldo and Lionel Messi - Statistics

General Stats
  • This quiz has been taken 63 times
  • The average score is 3 of 13
Answers on the Grid
Answers color-coded by a green-red scale on the quiz's grid according to % correct below.
Fernando Gago
Gerard Moreno
Angel Gomes
Marco Verratti
Edinson Cavani
Thiago Silva
Antoine Griezmann
André Gomes
Álvaro Arbeloa
Rodrygo Goes
Memphis Depay
Gabriel Heinze
João Félix
Kingsley Coman
Ángel Correa
Nuno Mendes
Sami Khedira
Eric García
Leandro Paredes
Henrik Larsson
Jesé Rodríguez
Diego Costa
Arthur Melo
Adrien Rabiot
Ezequiel Garay
Theo Hernández
Nicolás Otamendi
Miralem Pjanić
Lisandro López
Nelson Semedo
João Cancelo
Lisandro Martínez
Deco
Wojciech Szczęsny
Giovani Lo Celso
 
Answer Stats
Answer % Correct
Fernando Gago
44%
Miralem Pjanić
44%
Nuno Mendes
44%
André Gomes
31%
Arthur Melo
28%
Deco
25%
Nelson Semedo
25%
Gabriel Heinze
17%
Lisandro Martínez
17%
Henrik Larsson
14%
Ezequiel Garay
11%
Leandro Paredes
11%
Lisandro López
0%
No matching quizzes found
Score Distribution
Percent of People with Each Score
Percentile by Number Answered
Your Score History
You have not taken this quiz